000 00326nam a22001337a 4500
082 _a621.815
_bSIE/ME
100 _aMaleev, Vladimir L
245 _aMechanical Design of machines
260 _aDelhi
_bCBS Publishers & distributors
300 _a578
700 _aHartman, James B
700 _aSiegel, Martin J
942 _cBK
999 _c13634
_d13634